| 000 | 00603nam a2200217Ia 4500 | ||
|---|---|---|---|
| 008 | 191119s9999 xx 000 0 und d | ||
| 020 | _a978-1-292-08643-9 | ||
| 050 | _aMAIN HB 251 | ||
| 050 | _b.T46 2015 | ||
| 100 | _aTemplar, Richard. | ||
| 245 | 4 | _aThe Rules of wealth : | |
| 245 | 2 | _ba personal code for prosperity and plenty / | |
| 245 | 0 | _cRichard Templar. | |
| 260 | _aHarlow, England : | ||
| 260 | _bPearson Education Limited, | ||
| 260 | _c2015 | ||
| 300 | _a259 pages : | ||
| 300 | _c21 cm. | ||
| 650 | _aWealth -- Psychological aspects. | ||
| 650 | _xWealth -- Social aspects. | ||
| 999 |
_c363135 _d363135 |
||